[Event "WLS Seniors 65+"]
[Site "?"]
[Date "2024.08.18"]
[Round "4.6"]
[White "Hurn, Rbert AJ"]
[Black "Probert, Malcolm"]
[Result "1/2-1/2"]
[WhiteElo "1724"]
[BlackElo "1741"]
[Annotator "kemen"]
[PlyCount "50"]
[GameId "2082024834499255"]
[EventDate "2024.08.24"]
[SourceVersionDate "2024.08.24"]

1. d4 d5 2. c4 c6 3. Nc3 Nf6 4. e3 g6 5. Nf3 Bg7 6. Be2 O-O 7. O-O e6 8. Ne5 Nbd7 9. f4 Qc7 10. Qc2 Ne8 11. b3 Ndf6 12. Bb2 Nd6 13. Bf3 b6 14. Rfc1 Bb7 15. cxd5 cxd5 16. Qd3 Qe7 17. Rc2 Nfe4 18. Rac1 Nxc3 19. Rxc3 Rfc8 20. Ba3 Rxc3 21. Rxc3 Qd8 22. Bb2 Rc8 23. h3 Rxc3 24. Qxc3 Bf8 25. a4 Qc8 $11 1/2-1/2

[Event "WLS Seniors 65+"]
[Site "?"]
[Date "2024.08.18"]
[Round "5.1"]
[White "Davis, Lee"]
[Black "Van Kemenade, R.udy"]
[Result "1/2-1/2"]
[WhiteElo "1944"]
[BlackElo "1946"]
[PlyCount "78"]
[GameId "2080338694532367"]
[EventDate "2024.08.20"]

{[%evp 0,78,19,34,74,66,91,64,64,62,63,58,63,52,52,53,75,34,27,40,24,-18,35,16,46,-1,12,23,23,-32,-27,-47,-29,-48,-3,-38,-9,-13,-9,-51,-13,-88,-55,-57,-34,-34,-32,-86,4,-18,9,0,0,5,4,-14,-16,-43,-17,-14,-2,-22,-11,-20,7,-30,-21,-22,-14,-173,-151,-78,-78,-67,-92,-130,-81,-231,-250,-250,-87]} 1. d4 d6 2. Nf3 f5 3. g3 Nf6 4. Bg2 g6 5. O-O Bg7 6. c4 O-O 7. Nc3 Qe8 8. d5 Na6 9. Nd4 Bd7 10. b3 c6 11. Bb2 Nc7 12. Rc1 c5 13. Nf3 b5 14. Nd2 b4 15. Ncb1 a5 16. a4 bxa3 17. Bxa3 Na6 18. Nc3 Nb4 19. Na4 Rb8 20. Bxb4 Rxb4 21. Nb2 g5 22. Nd3 Rb7 23. Ra1 Qd8 24. Ra3 Ng4 25. Nf3 h6 26. e3 Qc7 27. h3 Nf6 28. Nd2 Rfb8 29. Qc2 Ra7 30. Kh2 Rba8 31. Rb1 Qc8 32. f4 Qe8 33. e4 Qh5 34. e5 Ng4+ 35. Kg1 Ne3 36. Qc3 Nxg2 37. Kxg2 Qe2+ 38. Kg1 Qe3+ 39. Kg2 Qe2+ 1/2-1/2

[Event "WLS Seniors 65+"]
[Site "?"]
[Date "2024.08.18"]
[Round "5.2"]
[White "Thomas, Roy"]
[Black "Fletcher, John"]
[Result "1-0"]
[WhiteElo "1805"]
[BlackElo "2026"]
[Annotator "kemen"]
[PlyCount "66"]
[GameId "2082791416989859"]
[EventDate "2024.08.20"]
[SourceVersionDate "2024.08.26"]

{[%evp 0,19,19,-30,-33,-19,-33,-32,-21,-31,-19,-27,-35,-28,-32,-20,-15,-65,-66,-79,-74,-65]} 1. f4 d5 2. Nf3 Nf6 3. e3 g6 4. Be2 c5 5. d3 Bg7 6. O-O Nc6 7. Nc3 O-O 8. e4 d4 9. Na4 b6 10. Bd2 Ng4 11. Qc1 Qd6 12. b3 e5 13. Nb2 Be6 14. Ng5 exf4 15. Bxf4 Nge5 16. Nxe6 Qxe6 17. h3 f5 18. exf5 Rxf5 19. Qd2 Raf8 20. Nc4 Nxc4 21. bxc4 Ne5 22. Bh2 g5 23. Rae1 Kh8 24. Rxf5 Qxf5 25. Rf1 Qe6 26. Rxf8+ Bxf8 27. Qxg5 Nf7 28. Qd2 Bh6 29. Qe1 Nd6 30. Qf1 Nf5 31. Bg4 Qe3+ 32. Kh1 Nh4 33. Qf6+ Kg8 1-0

[Event "WLS Seniors 65+"]
[Site "?"]
[Date "2024.08.18"]
[Round "5.3"]
[White "Quinn, Peter"]
[Black "Morgan, David"]
[Result "1/2-1/2"]
[WhiteElo "1758"]
[BlackElo "1686"]
[Annotator "kemen"]
[PlyCount "53"]
[GameId "2082795373276394"]
[EventDate "2024.08.20"]
[SourceVersionDate "2024.08.26"]

1. e4 c5 2. Nf3 Nc6 3. d4 cxd4 4. Nxd4 g6 5. Be3 Nf6 6. Nc3 Bg7 7. Nxc6 bxc6 8. Be2 d6 9. O-O O-O 10. f4 d5 11. e5 Ne8 12. Na4 f6 13. Bd4 Qc7 14. exf6 Bxf6 15. c4 e6 16. Rc1 a5 17. b3 Ng7 18. g3 Bxd4+ 19. Qxd4 Nf5 20. Qc5 Qa7 21. cxd5 cxd5 22. Qxa7 Rxa7 23. Nc5 Nd4 24. Rf2 Rc7 25. Nd3 Rxc1+ 26. Nxc1 Bd7 27. Bd3 $11 1/2-1/2

[Event "WLS Seniors 65+"]
[Site "?"]
[Date "2024.08.18"]
[Round "5.4"]
[White "Van Kemenade, Julie"]
[Black "Havard, Gwyn"]
[Result "1/2-1/2"]
[WhiteElo "1815"]
[BlackElo "1887"]
[PlyCount "44"]
[GameId "2080383337423309"]
[EventDate "2024.08.19"]

1. Nf3 d5 2. g3 c5 3. Bg2 Nc6 4. O-O e5 5. d3 Be6 6. c3 Be7 7. Qa4 Qd7 8. e4 Nf6 9. Nbd2 O-O 10. Re1 h6 11. Qc2 d4 12. cxd4 Nxd4 13. Nxd4 cxd4 14. Nf3 Rac8 15. Qe2 Rc5 16. Bd2 Qb5 17. a3 Bb3 18. Rec1 Rfc8 19. Ne1 a5 20. Bh3 Rxc1 21. Rxc1 Rxc1 22. Bxc1 Qc6 1/2-1/2

[Event "WLS Seniors 65+"]
[Site "?"]
[Date "2024.08.18"]
[Round "5.5"]
[White "Probert, Malcolm"]
[Black "Phillips, William"]
[Result "1-0"]
[WhiteElo "1741"]
[BlackElo "1879"]
[PlyCount "41"]
[GameId "2082799151828626"]
[EventDate "2024.08.19"]
[SourceVersionDate "2024.08.26"]

1. Nf3 Nf6 2. g3 b6 3. Bg2 Bb7 4. O-O e6 5. c4 Be7 6. d4 O-O 7. Nc3 d5 8. Ne5 Nbd7 9. Nxd7 Qxd7 10. Bf4 c5 11. cxd5 exd5 12. Rc1 cxd4 13. Qxd4 Bc5 14. Qa4 Bc6 15. Qb3 Rfd8 16. Rfd1 Qb7 17. Bg5 Be7 18. Bxf6 Bxf6 19. Nxd5 Rac8 20. Nxf6+ gxf6 21. Rxd8+ 1-0

[Event "WLS Seniors 65+"]
[Site "?"]
[Date "2024.08.18"]
[Round "5.6"]
[White "Binks, Michael"]
[Black "Williams, Stephen"]
[Result "1-0"]
[WhiteElo "1988"]
[BlackElo "1674"]
[PlyCount "89"]
[GameId "2082797016886744"]
[EventDate "2024.08.19"]
[SourceVersionDate "2024.08.26"]

1. d4 Nf6 2. Nf3 g6 3. c4 c5 4. d5 b5 5. cxb5 a6 6. Nc3 d6 7. e4 Bg7 8. bxa6 Bxa6 9. Bxa6 Rxa6 10. O-O O-O 11. Qe2 Qb6 12. a4 Nbd7 13. Nd2 Rfa8 14. Ra3 Qb7 15. Rb3 Rb6 16. Rxb6 Nxb6 17. Qb5 Qa7 18. b3 Nfd7 19. Bb2 Rb8 20. Qe2 Qa5 21. Rc1 Ne5 22. f4 Ned7 23. Nd1 Nf6 24. Bc3 Qa7 25. a5 Nbd7 26. Kh1 Ne8 27. Bxg7 Kxg7 28. Ra1 Nc7 29. Nb2 Nb5 30. e5 Nd4 31. Qe4 Nxb3 32. Nxb3 Rxb3 33. Nc4 Rb4 34. Qc2 Qa6 35. Rc1 f5 36. exd6 exd6 37. Qe2 Kh6 38. g4 fxg4 39. f5 Ne5 40. Qe3+ g5 41. Nxe5 dxe5 42. Qxc5 Qe2 43. Qf8+ Kh5 44. Qf7+ Kh6 45. Rc6# 1-0